| 000 | 00657nam a22002297a 4500 | ||
|---|---|---|---|
| 005 | 20170124105949.0 | ||
| 010 | _a967778 | ||
| 020 | _c00.00 | ||
| 035 | _a967778 | ||
| 037 | _bCen Lib/Ret | ||
| 040 |
_aDPL _bEN |
||
| 082 |
_a280.33 _bGIR |
||
| 100 |
_aGiraud, S. Louis _913070 |
||
| 245 |
_aThe story of jesus / _cby S. Louis Giraud; illustrated by Eileen M. Watts |
||
| 260 |
_aNorth Finchley _bStrand Publications |
||
| 270 | _bNorth Finchley | ||
| 300 |
_axvii, 22p. ; _c23cm(Hb) _bill. |
||
| 650 |
_aCrist _913071 |
||
| 650 |
_aBiographies _9618 |
||
| 700 |
_aWatts, Eileen M. _913072 |
||
| 942 |
_2ddc _cEN _h280.33 _mGIR |
||
| 999 |
_c125117 _d125117 |
||